Study guide to accompany physics for the life sciences (Record no. 35115)

MARC details
000 -LEADER
fixed length control field 00440nam a2200181Ia 4500
020 ## - INTERNATIONAL STANDARD BOOK NUMBER
ISBN 0-07-014433-8
050 ## - CALL MARK
Classification number QC 23.C917/
100 ## - STATEMENT OF RESPONSIBILITY--MAIN AUTHOR NAME
Personal name Alan H. Cromer
245 #0 - TITLE STATEMENT
Title Study guide to accompany physics for the life sciences
260 ## - PUBLICATION, DISTRIBUTION, ETC. (IMPRINT)
Place of publication New York
260 ## - PUBLICATION, DISTRIBUTION, ETC. (IMPRINT)
Name of publisher McGraw-Hill
260 ## - PUBLICATION, DISTRIBUTION, ETC. (IMPRINT)
Year of publication 1974
300 ## - PHYSICAL DESCRIPTION
Number of Pages 160 p
650 ## - SUBJECT ADDED ENTRY--TOPICAL TERM
Topical Term Measurement
942 ## - ADDED ENTRY ELEMENTS (KOHA)
Koha item type Books
Holdings
Withdrawn status Lost status Source of classification or shelving scheme Damaged status Not for loan Permanent Location Current Location Date acquired Accession Number Price effective from Koha item type
    Library of Congress Classification     NILE UNIVERSITY OF NIGERIA - MAIN LIBRARY NILE UNIVERSITY OF NIGERIA - MAIN LIBRARY 04/23/2025 0008167 04/23/2025 Books